zpět

Detail výsledku týmu

Klub Tyjátr, Svitavy

Datum a čas kvízu

33 Celkem bodů Celkový počet nahraných bodů na tomto kvízu bez doplňovacích otázek.
3. Pořadí na kvízu Konečné umístění týmu na tomto kvízu.

Zaznamenané odpovědi

# Otázka Odpověď Body Výsledky
1. Česká televize chtěla ve čtvrt... Hamáčkův hlas zněl velmi hluboko. 1
2. Rusko začalo distribuovat prvn... Sputnik 0
3. V úterý oslavila úctyhodné 10... Meda Mládková 1
4. Americký technologický gigant... Intel 0
5. Jak se jmenuje zkušený hokejis... Tomáš Plekanec 1
6. Za celou historii udělování No... Marie Curie-Skłodowská 0
7. Pouze dvěma Čechům v historii... Jaroslav Heyrovský, Jaroslav Seifert 1
8. V roce 1954 obdržel Nobelovu c... Ernest Hemingway, Stařec a moře 1
9. Přiřaďte laureáty Nobelových c... 1A 2C 3D 4B 0
10. Vyberte nepravdivé tvrzení o p... C 1